LEADER 00765nam a2200181 i 4500 001 000000178928 003 CaOOAMICUS 005 20230601101151.0 008 090418s1910 it u000 u ita u 040 $aSeMil$bita 245 15$a1.1: Provincia Salisburgensis. 300 $a265 p. ;$c25 cm 500 $aRilegato con: 3A III 106/2 773 0 $tGermania pontificia sive repertorium privilegiorum et litterarum a romanis pontificibus ante annum 1198 Germaniae ecclesiis Monasteriis Civitatibus Singulisque Personis Concessorum.$g1$w()21039 850 $aSeMil 852 $aSeMil$W1$xVenegono$y1$m3A III 106/1$j241090$B129694$CSeMilBibl$Z2$F141213 $82 996 $6245$a1.1: Provincia Salisburgensis$9(OLS)http://semarc/title/256987